Obraz Doriana Graye /
Jediná rozsáhlejší próza proslulého anglického autora je fantastickým příběhem, v němž se hříšný život mladého světáka promítá do jeho portrétu.
Uloženo v:
| Hlavní autor: | |
|---|---|
| Další autoři: | |
| Médium: | E-kniha |
| Jazyk: | Czech |
| Vydáno: |
Praha :
Dobrovský s.r.o.,
2022
|
| Edice: | 1400
|
| Témata: | |
| Tagy: |
Žádné tagy |
| LEADER | 02318nam a2200421 i 4500 | ||
|---|---|---|---|
| 001 | 312604 | ||
| 003 | CZ PrSKC | ||
| 005 | 20260601215725.0 | ||
| 007 | ta | ||
| 008 | 220127s2022 xr g 000 f cze | ||
| 015 | |a cnb003393393 | ||
| 020 | |a 9788027704750 |q (vázáno) | ||
| 035 | |a (OCoLC)1310112986 | ||
| 040 | |a ABG001 |b cze |d ABA001 |e rda | ||
| 041 | 1 | |a cze |h eng | |
| 072 | 7 | |a 821.111-3 |x Anglická próza, anglicky psaná |2 Konspekt | |
| 080 | |a 821.111-31 |2 MRF | ||
| 080 | |a (0:82-31) |2 MRF | ||
| 100 | 1 | |a Wilde, Oscar, |d 1854-1900 |7 jn19981002409 |4 aut | |
| 240 | 1 | 0 | |a Picture of Dorian Gray. |l Česky |7 aun2007417649 |
| 245 | 1 | 0 | |a Obraz Doriana Graye / |c Oscar Wilde ; překlad: J.W. Pimassl |
| 264 | 1 | |a Praha : |b Dobrovský s.r.o., |c 2022 | |
| 300 | |a 245 stran ; |c 21 cm | ||
| 336 | |a text |b txt |2 rdacontent | ||
| 337 | |a bez média |b n |2 rdamedia | ||
| 338 | |a svazek |b nc |2 rdacarrier | ||
| 490 | 1 | |a 1400 | |
| 500 | |a Přeloženo z angličtiny | ||
| 520 | 2 | |a Jediná rozsáhlejší próza proslulého anglického autora je fantastickým příběhem, v němž se hříšný život mladého světáka promítá do jeho portrétu. |b Fantastický příběh, v němž se hříšný život mladého aristokratického světáka promítá do jeho portrétu, který stárne a rok od roku jeví stále výraznější stopy hrdinova odpudivého života, zatímco on sám zůstává stále mladý a krásný. Autor tak předvádí rozpor mezi morálkou a estetickým prožitkem: zatímco Dorian Gray zůstává stále dvacetiletý, jeho dokonalá podoba na plátně stárne a stává se stále ohyzdnější podle toho, jak postupuje jeho mravní úpadek a kolik mladých lidí přivedl do zkázy. | |
| 655 | 7 | |a anglické romány |7 fd131814 |2 czenas | |
| 655 | 9 | |a English fiction |2 eczenas | |
| 700 | 1 | |a Pimassl, J. W. |4 trl | |
| 830 | 0 | |a 1400 | |
| 900 | |a ABA001 |b 20 | ||
| 044 | |a xr | ||
| 910 | |a RBIT002 | ||
| 998 | |d 416710 |a https://core.palmknihy.cz/api/books/416710/cover?spdhmb |b https://core.palmknihy.cz/api/books/416710/cover/400?spdhmb |c https://core.palmknihy.cz/api/books/416710/cover/50?spdhmb |e |g 248 |i 9788027704750 |j https://core.palmknihy.cz/api/books/416710/preview.epub |k https://core.palmknihy.cz/api/books/416710/preview.pdf |l |q 49 |r 1 |s https://www.palmknihy.cz/kniha/416710 |t ebook |y 2024 |z 0 | ||
| 999 | |d 312602 | ||